[Event "Ch World (team) (under 26) (final A)"]
[Site "masterchessopen.com – Krakow (Poland)"]
[Round "9"]
[White "Kuettner Uwe (GER)"]
[Black "Schmidt Wlodzimierz (POL)"]
[Result "0-1"]
[WhiteElo "2176"]
[BlackElo "2370"]

1.d4 Nf6 2.c4 g6 3.Nc3 Bg7 4.e4 d6 5.Nf3 O-O 6.Be2 e5 7.O-O Nbd7 8.Re1 c6
9.Bf1 exd4 10.Nxd4 Re8 11.Rb1 d5 12.cxd5 cxd5 13.Ndb5 Ne5 14.Bg5 a6 15.Nd4
dxe4 16.Nxe4 Qb6 17.Nxf6+ Bxf6 18.Bxf6 Qxf6 19.Qb3 Rd8 20.Rbd1 Bg4 21.Be2 Bxe2
22.Rxe2 b5 23.Rde1 Rac8 24.Nc2 Nd3 25.Rb1 Nxb2 26.Rxb2 Rxc2 27.Qxc2 Qxb2
28.Qe4 Qxa2 29.h3 Qd5 30.Qe7 Qd6 31.Qe4 b4 32.Rb2 a5 33.g3 Qd4 34.Qc2 Qd1+
35.Qxd1 Rxd1+ 36.Kg2 Ra1 37.Kf3 Ra3+ {#R} 0-1

[Event "It"]
[Site "masterchessopen.com – Leipzig (Germany)"]
[Round "3"]
[White "Luczak Andrzej (POL)"]
[Black "Knaak Rainer (GER)"]
[Result "0-1"]
[WhiteElo "2430"]
[BlackElo "2535"]

1.d4 Nf6 2.c4 d6 3.Nc3 Nbd7 4.e4 e5 5.Nf3 g6 6.Be2 Bg7 7.O-O O-O 8.Re1 c6
9.Bf1 exd4 10.Nxd4 Ng4 11.Qxg4 Bxd4 12.Qg3 Nf6 13.h3 Nh5 14.Qd3 Qf6 15.Be3 Be5
16.g3 g5 17.Bg2 Kh8 18.c5 Rg8 19.cxd6 Nf4 20.Bxf4 gxf4 21.d7 fxg3 22.f4 Bd4+
23.Kh1 Bxd7 24.e5 Qh4 25.e6 Bxe6 26.Qxd4+ Rg7 27.Rxe6 fxe6 28.Re1 Rf8 29.Re4
Qe7 30.Qxa7 c5 31.Qb6 Rg6 32.Qb5 Qd6 33.Qe2 Rgf6 34.Re5 Qd4 35.Rxe6 Qxf4
36.Rxf6 Rxf6 37.Qe8+ Kg7 38.Qe7+ Rf7 {#R} 0-1

[Event "?"]
[Site "masterchessopen.com – Trinec (Czech Republic)"]
[Round "0"]
[White "Adamski Jan (POL)"]
[Black "Mista Ladislav (CZE)"]
[Result "1-0"]
[WhiteElo "2410"]
[BlackElo "2158"]

1.d4 Nf6 2.c4 d6 3.Nc3 Nbd7 4.e4 e5 5.Nf3 g6 6.Be2 Bg7 7.O-O O-O 8.Re1 c6
9.Bf1 exd4 10.Nxd4 Re8 11.Bf4 Nc5 12.Qc2 Ng4 13.Rad1 Bxd4 14.Rxd4 Qf6 15.Ne2
Nxf2 16.Kxf2 g5 17.Rxd6 Qe7 18.e5 gxf4 19.Nxf4 f5 20.Bd3 Nd7 21.Re6 Qc5+
22.Kf1 Rxe6 23.Nxe6 Qe7 24.c5 Kh8 25.Bxf5 Nxc5 26.Qxc5 Qf7 27.Nd4 Bxf5 28.Kg1
Bg6 29.e6 Qg7 30.e7 Rg8 31.Re2 b6 32.Qd6 c5 33.Nf5 {#r} 1-0

[Event "It (cat.8)"]
[Site "masterchessopen.com – Halle (Germany)"]
[Round "0"]
[White "Vilela Jose Luis (CUB)"]
[Black "Vogt Lothar (GER)"]
[Result "0-1"]
[WhiteElo "2430"]
[BlackElo "2450"]

1.d4 Nf6 2.c4 g6 3.Nc3 Bg7 4.e4 d6 5.Be2 O-O 6.Nf3 e5 7.O-O Nbd7 8.Re1 c6
9.Bf1 exd4 10.Nxd4 Ng4 11.h3 Qb6 12.hxg4 Qxd4 13.g5 Qe5 14.Be3 f6 15.Qd2 fxg5
16.Rad1 g4 17.Qxd6 Qe8 18.Bd4 Ne5 19.Re3 Qf7 20.Ree1 Re8 21.b3 g3 22.f3 Qf4
23.c5 Qh4 24.Bc4+ Nxc4 25.bxc4 Qh2+ 26.Kf1 Bh3 27.Re2 Rad8 28.Bg1 Rxd6 29.cxd6
Qh1 30.Na4 b6 31.Rd3 Be6 32.Rc2 Be5 {#R} 0-1

[Event "It"]
[Site "masterchessopen.com – Leipzig (Germany)"]
[Round "9"]
[White "Starck Bodo (GER)"]
[Black "Heinig Wolfram Dr (GER)"]
[Result "0-1"]
[WhiteElo "2325"]
[BlackElo "2365"]

1.d4 Nf6 2.c4 d6 3.Nc3 Nbd7 4.e4 e5 5.Nf3 g6 6.Be2 Bg7 7.O-O O-O 8.Re1 c6
9.Bf1 exd4 10.Nxd4 Re8 11.Nc2 Ne5 12.Ne3 Nfg4 13.f3 Nxe3 14.Bxe3 Be6 15.Qa4 a6
16.c5 dxc5 17.Bxc5 Nxf3+ 18.gxf3 Qg5+ 19.Kh1 Qxc5 20.Bg2 Rad8 21.Qc2 Qg5
22.Re2 Be5 {#R} 0-1

[Event "It"]
[Site "masterchessopen.com – Leipzig (Germany)"]
[Round "4"]
[White "Starck Bodo (GER)"]
[Black "Meduna Eduard (CZE)"]
[Result "0-1"]
[WhiteElo "2325"]
[BlackElo "2485"]

1.d4 Nf6 2.c4 d6 3.Nc3 e5 4.Nf3 Nbd7 5.e4 g6 6.Be2 Bg7 7.O-O O-O 8.Re1 c6
9.Bf1 exd4 10.Nxd4 Ng4 11.Qxg4 Bxd4 12.Be3 Nf6 13.Qh4 Bxe3 14.Rxe3 Ng4 15.Qxd8
Rxd8 16.Rd3 Be6 17.Rd2 Kf8 18.b3 g5 19.g3 Ke7 20.Bg2 Rg8 21.h3 Ne5 22.Rf1 Bxh3
23.Nd1 Be6 24.Ne3 g4 25.Kh2 h5 26.f4 gxf3 27.Bxf3 Rh8 28.Bd1 Rag8 29.Rf4 Rg5
30.Rg2 a5 31.Be2 Kd7 32.Kg1 Bh3 33.Rh2 Rxg3+ 34.Kf2 h4 35.Rxh4 Rxh4 36.Kxg3
Rxe4 {#R} 0-1

[Event "It (cat.10)"]
[Site "masterchessopen.com – Riga (Latvia)"]
[Round "0"]
[White "Tal Mikhail N (LAT)"]
[Black "Bielczyk Jacek (POL)"]
[Result "1-0"]
[WhiteElo "2560"]
[BlackElo "2405"]

1.c4 Nf6 2.Nc3 d6 3.d4 Nbd7 4.e4 e5 5.Nf3 g6 6.Be2 Bg7 7.O-O O-O 8.Re1 c6
9.Bf1 exd4 10.Nxd4 Ng4 11.h3 Qb6 12.hxg4 Qxd4 13.g5 Qe5 14.Be3 f6 15.Qd2 fxg5
16.Bxg5 Nb6 17.Rac1 Bg4 18.Nd1 Rae8 19.Bh4 Qh5 20.Bg3 Bh6 21.f4 Qe5 22.c5 dxc5
23.Nf2 Bc8 24.Nd3 Qe6 25.Rxc5 Qxa2 26.Bf2 Qf7 27.g3 Bg7 28.Qc2 Rd8 29.Ne5 Qe8
30.Nf3 Bg4 31.Ne5 Be6 32.Ra5 Nd7 33.Nf3 a6 34.Ng5 Kh8 35.e5 Bd5 36.e6 Nf6
37.e7 {#r} 1-0

[Event "It"]
[Site "masterchessopen.com – Trnava (Slovakia)"]
[Round "0"]
[White "Cvetkovic Srdjan (SRB)"]
[Black "Heinig Wolfram Dr (GER)"]
[Result "0-1"]
[WhiteElo "2410"]
[BlackElo "2365"]

1.c4 g6 2.e4 Bg7 3.d4 d6 4.Nc3 Nd7 5.Nf3 e5 6.Be2 Ngf6 7.O-O O-O 8.Re1 c6
9.Bf1 exd4 10.Nxd4 Ng4 11.h3 Qb6 12.hxg4 Qxd4 13.Be3 Qe5 14.g5 f6 15.Qd2 fxg5
16.Bxg5 Nb6 17.Rad1 Bg4 18.f3 Bxf3 19.gxf3 Rxf3 20.Bh4 Rf4 21.Bf2 Raf8 22.Bxb6
axb6 23.Qxd6 Qh5 24.Qe6+ Kh8 25.e5 Qf3 26.Re2 Rg4+ 27.Bg2 Bh6 28.Qxg4 Qxg4
29.Rf1 Qd4+ 30.Kh1 Qh4+ 31.Kg1 Bf4 32.Rf3 {#R} 0-1

[Event "It (open)"]
[Site "masterchessopen.com – Copenhagen (Denmark)"]
[Round "7"]
[White "Hvenekilde Jorgen (DEN)"]
[Black "Thorsteins Karl (ISL)"]
[Result "0-1"]
[WhiteElo "2075"]
[BlackElo "2469"]

1.d4 Nf6 2.c4 g6 3.Nc3 Bg7 4.e4 d6 5.Nf3 O-O 6.Be2 Nbd7 7.O-O e5 8.Re1 c6
9.Bf1 exd4 10.Nxd4 Ng4 11.Qxg4 Bxd4 12.Be3 Bxe3 13.Rxe3 Ne5 14.Qg3 Qb6 15.b3
f5 16.exf5 Bxf5 17.Rd1 Rf6 18.Na4 Qb4 19.c5 Nf7 20.Rde1 b5 21.cxb6 axb6
22.Re8+ Rxe8 23.Rxe8+ Kg7 24.Qe3 b5 25.Qe7 Re6 26.Qf8+ Kf6 27.Rxe6+ Bxe6
28.Nb2 Qd2 29.Nd3 Bf5 30.g4 Bxg4 31.Qe8 Bf3 32.Qe3 Qxe3 33.fxe3 c5 34.Kf2 Be4
35.Nb2 b4 36.Bd3 Bxd3 37.Nxd3 Ne5 {#R} 0-1

[Event "Ch Poland"]
[Site "masterchessopen.com – Poland"]
[Round "0"]
[White "Panczyk Krzysztof (POL)"]
[Black "Ksieski Zbigniew (POL)"]
[Result "0-1"]
[WhiteElo "2352"]
[BlackElo "2353"]

1.d4 d6 2.c4 g6 3.Nc3 Bg7 4.e4 Nf6 5.Be2 O-O 6.Nf3 Nbd7 7.O-O e5 8.Re1 c6
9.Bf1 exd4 10.Nxd4 Ng4 11.Qxg4 Bxd4 12.Qd1 Qf6 13.Be3 Bc5 14.Qd2 Re8 15.Rad1
Nf8 16.h3 h5 17.Bd4 Qe7 18.Bxc5 dxc5 19.f4 Be6 20.e5 Rad8 21.Qf2 Bf5 22.g3 Ne6
23.Qg2 h4 24.Rxd8 Rxd8 25.g4 Nxf4 26.Qf2 Qg5 27.Kh1 Bd3 28.Qe3 Rd4 29.Rd1 Bxf1
30.Rxf1 Ne6 31.Qe1 Rd3 {#R} 0-1

[Event "Ch Poland"]
[Site "masterchessopen.com – Piotrkow Trybunalski (Poland)"]
[Round "7"]
[White "Sygulski Artur (POL)"]
[Black "Bielczyk Jacek (POL)"]
[Result "0-1"]
[WhiteElo "2390"]
[BlackElo "2395"]

1.d4 Nf6 2.c4 d6 3.Nc3 Nbd7 4.Nf3 g6 5.e4 e5 6.Be2 Bg7 7.O-O O-O 8.Re1 c6
9.Bf1 exd4 10.Nxd4 Re8 11.Bf4 Nc5 12.Qc2 Nfd7 13.Rad1 Bxd4 14.Rxd4 Ne6 15.Qd2
Nxd4 16.Qxd4 Ne5 17.Bg3 f6 18.Rd1 Bg4 19.f3 Bxf3 20.Rd2 Bg4 21.h3 Be6 22.Bf2
Qe7 23.Be2 Rad8 24.Qxa7 Bxc4 25.Bd1 Bf7 {#R} 0-1

[Event "It"]
[Site "masterchessopen.com – Munich (Germany)"]
[Round "0"]
[White "Robatsch Karl (AUT)"]
[Black "Pichler Juergen (GER)"]
[Result "0-1"]
[WhiteElo "2349"]
[BlackElo "2388"]

1.Nf3 Nf6 2.c4 g6 3.Nc3 Bg7 4.e4 d6 5.d4 O-O 6.Be2 e5 7.O-O Nbd7 8.Re1 c6
9.Bf1 exd4 10.Nxd4 Ng4 11.Qxg4 Bxd4 12.Qd1 Qf6 13.Be3 Be5 14.Qd2 Re8 15.Rac1
Nc5 16.f4 Bxc3 17.Rxc3 Nxe4 18.Bd4 Qh4 19.g3 Qd8 20.Rce3 d5 21.cxd5 cxd5
22.Qg2 Bd7 23.b3 Qa5 24.Ba1 Qd2 25.R1e2 Qc1 26.Re1 Qa3 27.Bd3 Nc5 28.Rxe8+
Rxe8 29.Rxe8+ Bxe8 30.Bf1 Qc1 31.Bd4 Bb5 32.b4 Ne4 33.Bxa7 Nd2 34.Be3 Qxf1+
35.Qxf1 Nxf1 36.Bc1 d4 37.a4 Bc4 38.Kf2 Nxh2 {#R} 0-1

[Event "?"]
[Site "masterchessopen.com – Berlin (Germany)"]
[Round "0"]
[White "Horvath Gabor (HUN)"]
[Black "Beckemeier Werner (GER)"]
[Result "0-1"]
[WhiteElo "2100"]
[BlackElo "2384"]

1.Nf3 Nf6 2.c4 g6 3.Nc3 Bg7 4.e4 d6 5.d4 O-O 6.Be2 Nbd7 7.O-O e5 8.Re1 c6
9.Bf1 exd4 10.Nxd4 Qb6 11.Nb3 Qc7 12.Bf4 Ne5 13.h3 Rd8 14.Rc1 a5 15.Na4 b6
16.Rc2 Rb8 17.Rd2 Be6 18.c5 Bxb3 19.axb3 bxc5 20.Nxc5 Qe7 21.Na4 Bf8 22.Bg5 h6
23.Bh4 g5 24.Bg3 Rb4 25.Rd4 Rxd4 26.Qxd4 Rb8 27.Qc3 Rb4 28.Qc2 Qe6 29.Re3 Nfd7
30.Be2 Qg6 31.Bd1 h5 32.Nc3 Nc5 33.f4 gxf4 34.Bxf4 h4 35.Qf2 Be7 36.Bc2 Ne6
37.Nd5 cxd5 38.Bxe5 d4 {#R} 0-1

[Event "It \"]
[Site "masterchessopen.com – Trnava (Slovakia)"]
[Round "1"]
[White "Cervenka Imrich (SVK)"]
[Black "Karlik Vladimir (CZE)"]
[Result "1-0"]
[WhiteElo "2190"]
[BlackElo "2286"]

1.d4 Nf6 2.c4 g6 3.Nc3 Bg7 4.e4 d6 5.Be2 O-O 6.Nf3 e5 7.O-O Nbd7 8.Re1 c6
9.Bf1 exd4 10.Nxd4 Ng4 11.Qxg4 Bxd4 12.Qd1 Qf6 13.Be3 Bxe3 14.Rxe3 Ne5 15.Qd2
Be6 16.b3 Rad8 17.Rg3 Qh4 18.f4 Ng4 19.Rh3 Qe7 20.Re1 d5 21.cxd5 Qc5+ 22.Rhe3
Nxe3 23.Rxe3 cxd5 24.Qf2 dxe4 25.Nxe4 Qd4 26.h3 Bd5 27.Ng3 Rde8 28.Nf5 Qf6
29.Nh6+ Kg7 30.Ng4 Qb6 31.f5 Rxe3 32.f6+ Kh8 33.Nxe3 Bc6 34.Bc4 Re8 35.Ng4
Re1+ 36.Kh2 Qc7+ {#r} 1-0

[Event "It (open)"]
[Site "masterchessopen.com – Caorle (Italy)"]
[Round "2"]
[White "Jovancic Miodrag (SRB)"]
[Black "Luciani Carlo (ITA)"]
[Result "1-0"]
[WhiteElo "2319"]
[BlackElo "2222"]

1.d4 Nf6 2.Nf3 g6 3.c4 Bg7 4.Nc3 d6 5.e4 O-O 6.Be2 Nbd7 7.O-O e5 8.Re1 c6
9.Bf1 exd4 10.Nxd4 Ng4 11.h3 Qb6 12.hxg4 Bxd4 13.Be3 Bxe3 14.Rxe3 Qc5 15.g5
Rd8 16.Rg3 Nb6 17.Rc1 Be6 18.Nd5 cxd5 19.cxd5 Qb4 20.dxe6 fxe6 21.Qg4 Re8
22.Rc7 d5 23.Rxh7 Re7 24.Rh6 Qxe4 25.Qh3 Rg7 26.Rf3 {#r} 1-0

[Event "It (open)"]
[Site "masterchessopen.com – Eindhoven (Netherlands)"]
[Round "0"]
[White "Hoeksema Hendrik Pieter (NED)"]
[Black "Bosboom Manuel (NED)"]
[Result "1-0"]
[WhiteElo "2355"]
[BlackElo "2355"]

1.d4 g6 2.e4 Bg7 3.c4 d6 4.Nc3 Nf6 5.Nf3 O-O 6.Be2 e5 7.O-O Nbd7 8.Re1 c6
9.Bf1 exd4 10.Nxd4 Ng4 11.h3 Qb6 12.Qxg4 Bxd4 13.Qe2 Re8 14.Bh6 Nc5 15.Qd2 Be5
16.Kh1 f5 17.exf5 Bxf5 18.Re3 Bd7 19.Rae1 Qc7 20.b4 Ne6 21.Ne4 Nd4 22.g4 c5
23.b5 Rf8 24.Bxf8 Rxf8 25.Bg2 b6 26.Nc3 Qd8 27.Nd5 g5 28.Rxe5 dxe5 29.Rxe5 h6
30.Qd3 Be8 31.Re7 Qd6 32.Qh7# 1-0

[Event "Ch Sweden"]
[Site "masterchessopen.com – Norrkoeping (Sweden)"]
[Round "0"]
[White "Bergstrom Christer (SWE)"]
[Black "Kyhle Bo (SWE)"]
[Result "1-0"]
[WhiteElo "2376"]
[BlackElo "2193"]

1.Nf3 g6 2.c4 Nf6 3.Nc3 Bg7 4.e4 d6 5.d4 O-O 6.Be2 e5 7.O-O Nbd7 8.Re1 c6
9.Bf1 exd4 10.Nxd4 Ng4 11.h3 Qb6 12.hxg4 Qxd4 13.Qc2 Qe5 14.Be3 Qe7 15.Rad1
Ne5 16.f3 Be6 17.b3 Rfe8 18.Ne2 a5 19.c5 dxc5 20.Bxc5 Qc7 21.Nd4 Bc8 22.Ba3 a4
23.Nb5 Nxf3+ 24.gxf3 Qg3+ 25.Qg2 Qxg2+ 26.Kxg2 axb3 27.axb3 cxb5 28.Bxb5 Be6
29.Bxe8 Rxe8 30.Bc5 b5 31.b4 Ra8 32.Bd4 Bf8 33.Ra1 Rc8 34.Rec1 Rd8 35.Bf6 Rb8
36.Rd1 Bxb4 37.Rab1 Bc5 38.Be5 {#r} 1-0

[Event "It \"]
[Site "masterchessopen.com – Philadelphia (USA)"]
[Round "0"]
[White "Reshevsky Samuel H (USA)"]
[Black "Brooks Michael A (USA)"]
[Result "0-1"]
[WhiteElo "2445"]
[BlackElo "2456"]

1.d4 Nf6 2.c4 g6 3.Nc3 Bg7 4.e4 d6 5.Nf3 O-O 6.Be2 Nbd7 7.O-O e5 8.Re1 c6
9.Bf1 exd4 10.Nxd4 Re8 11.Rb1 a6 12.Bf4 Nc5 13.Qc2 Ng4 14.Rbd1 Qf6 15.Bc1 Qe7
16.Bf4 Bxd4 17.Rxd4 Ne6 18.Qd2 Nxd4 19.Qxd4 Ne5 20.Bg3 h5 21.h3 g5 22.Rd1 h4
23.Bh2 f6 24.f4 gxf4 25.Bxf4 Bxh3 26.Qf2 Bg4 27.Be2 Bxe2 28.Nxe2 Rad8 29.Nd4
Ng6 30.Re1 Nxf4 31.Nf5 Qe5 32.Qxh4 Rd7 33.Nh6+ Kf8 34.Nf5 Rg7 35.Qh6 Qxf5 {#R}
0-1

[Event "It (cat.10)"]
[Site "masterchessopen.com – Berlin (Germany)"]
[Round "6"]
[White "Lerner Konstantin Z (UKR)"]
[Black "Vogt Lothar (GER)"]
[Result "1-0"]
[WhiteElo "2530"]
[BlackElo "2410"]

1.d4 Nf6 2.c4 g6 3.Nc3 Bg7 4.e4 d6 5.Be2 O-O 6.Nf3 e5 7.O-O Nbd7 8.Re1 c6
9.Bf1 exd4 10.Nxd4 Ng4 11.h3 Qb6 12.Qxg4 Bxd4 13.Qe2 Nc5 14.Bh6 Re8 15.Qd2 Be5
16.Kh1 f5 17.Rad1 Nxe4 18.Nxe4 fxe4 19.Rxe4 Bf5 20.Re2 c5 21.g4 Be6 22.Bg2 Bf7
23.Rde1 Qc7 24.Bd5 Qd7 25.Qe3 Re7 26.Qd3 Ree8 27.Qf3 Rab8 28.Kg2 Be6 29.Qe4
Bxd5 30.Qxd5+ {#r} 1-0

[Event "Ch Hungary (team)"]
[Site "masterchessopen.com – Hungary"]
[Round "0"]
[White "Pinter Jozsef (HUN)"]
[Black "Szekely Peter (HUN)"]
[Result "0-1"]
[WhiteElo "2547"]
[BlackElo "2420"]

1.d4 Nf6 2.c4 g6 3.Nc3 Bg7 4.e4 d6 5.Nf3 O-O 6.Be2 e5 7.O-O Nbd7 8.Re1 c6
9.Bf1 exd4 10.Nxd4 Re8 11.Nb3 Ne5 12.f4 Nfg4 13.g3 Qb6+ 14.c5 dxc5 15.Na4 Qb4
16.Nc3 c4 17.fxe5 cxb3 18.Re2 bxa2 19.Rxa2 Be6 20.Ra3 Nxe5 21.Qa4 a5 22.Bf4 b5
23.Qxb4 axb4 24.Rxa8 Rxa8 25.Nd1 Bg4 {#R} 0-1

[Event "It (open)"]
[Site "masterchessopen.com – St. Ingbert (Germany)"]
[Round "7"]
[White "Korsunsky Yuri (UKR)"]
[Black "Turner Tassilo (GER)"]
[Result "1-0"]
[WhiteElo "2419"]
[BlackElo "2112"]

1.d4 Nf6 2.Nf3 g6 3.c4 Bg7 4.Nc3 O-O 5.e4 d6 6.Be2 Nbd7 7.O-O e5 8.Re1 c6
9.Bf1 exd4 10.Nxd4 Nc5 11.b4 Na6 12.b5 Ng4 13.f3 Qb6 14.Ne2 c5 15.Nb3 Bxa1
16.Nxa1 Ne5 17.bxa6 Nxc4 18.Nf4 Qxa6 19.Nd5 Be6 20.Bxc4 Qxc4 21.Nf6+ Kg7
22.Bb2 Rfd8 23.Qd2 Kf8 24.Nc2 Qxa2 25.Ne3 g5 26.Nxh7+ Ke7 27.Nf5+ {#r} 1-0

[Event "It"]
[Site "masterchessopen.com – Beer-Sheva (Israel)"]
[Round "0"]
[White "Tsesarsky Ilya (ISR)"]
[Black "Ofek Ram (ISR)"]
[Result "1-0"]
[WhiteElo "2435"]
[BlackElo "2235"]

1.Nf3 Nf6 2.c4 g6 3.Nc3 Bg7 4.e4 d6 5.d4 O-O 6.Be2 Nbd7 7.O-O e5 8.Re1 c6
9.Bf1 exd4 10.Nxd4 Ng4 11.h3 Qb6 12.hxg4 Bxd4 13.Be3 Bxe3 14.Rxe3 Ne5 15.Be2
Qxb2 16.Rb1 Qa3 17.Na4 Nd3 18.Rxd3 Qxa2 19.Re3 b5 20.Ra1 {#r} 1-0

[Event "It (open)"]
[Site "masterchessopen.com – Buenos Aires (Argentina)"]
[Round "7"]
[White "Glavina Pablo (ARG)"]
[Black "Casafus Ruben (ARG)"]
[Result "0-1"]
[WhiteElo "2468"]
[BlackElo "2338"]

1.d4 Nf6 2.c4 g6 3.Nc3 Bg7 4.e4 d6 5.Nf3 O-O 6.Be2 e5 7.O-O Nbd7 8.Re1 c6
9.Bf1 exd4 10.Nxd4 Ng4 11.Qxg4 Bxd4 12.Bh6 Ne5 13.Qf4 Ng4 14.Re2 Be5 15.Qg5 f6
16.Qd2 Bxh2+ 17.Kh1 Nxh6 18.Qxh6 Be5 19.Rd2 f5 20.Rad1 fxe4 21.g3 Bg4 22.Re1
Rf5 23.Kg1 Bf3 24.Bg2 Bxc3 25.bxc3 Qf6 26.Bxf3 exf3 27.Rd3 Rf8 28.Re4 Rh5
29.Qe3 Qf5 30.g4 Rg5 31.Qd4 d5 32.cxd5 cxd5 {#R} 0-1

[Event "Olympiad"]
[Site "masterchessopen.com – Novi Sad (Yugoslavia)"]
[Round "0"]
[White "Lopez Machin Antonio (ESP)"]
[Black "Khakpoor Abbas (IRI)"]
[Result "0-1"]
[WhiteElo "2061"]
[BlackElo "2242"]

1.d4 Nf6 2.c4 g6 3.Nc3 Bg7 4.e4 d6 5.Be2 O-O 6.Nf3 e5 7.O-O Nbd7 8.Re1 c6
9.Bf1 exd4 10.Nxd4 a5 11.Be3 Re8 12.f3 Ne5 13.Qd2 d5 14.exd5 cxd5 15.c5 Bd7
16.Ndb5 Bc6 17.Nd6 Re6 18.Bd4 Ne8 19.f4 Nxd6 20.cxd6 Ng4 21.h3 Nf6 22.Rxe6
fxe6 23.Be5 Ne8 24.Qd4 Nxd6 25.Bd3 Bxe5 26.Qxe5 Nf7 27.Qd4 Qh4 28.Qf2 Qxf2+
29.Kxf2 e5 30.fxe5 Nxe5 31.Be2 d4 32.Nd1 Rf8+ 33.Kg1 Bd5 34.Nf2 Rc8 35.Rd1 Rc2
36.Rxd4 Bxg2 37.Re4 Nc6 {#R} 0-1

[Event "It \"]
[Site "masterchessopen.com – Prague (Czech Republic)"]
[Round "10"]
[White "Pares Vives Jose (ESP)"]
[Black "Hausner Ivan (CZE)"]
[Result "1-0"]
[WhiteElo "2270"]
[BlackElo "2440"]

1.d4 d6 2.c4 e5 3.Nf3 Nd7 4.Nc3 g6 5.e4 Bg7 6.Be2 Ngf6 7.O-O O-O 8.Re1 c6
9.Bf1 exd4 10.Nxd4 Ng4 11.Qxg4 Bxd4 12.Qd1 Qf6 13.Be3 Bxe3 14.Rxe3 Qe5 15.Qd2
Nf6 16.h3 Be6 17.Rd1 Ne8 18.Nd5 Bc8 19.f4 Qe7 20.Nxe7+ {#r} 1-0

[Event "It (open)"]
[Site "masterchessopen.com – Los Angeles (USA)"]
[Round "0"]
[White "Koepcke Richard (USA)"]
[Black "Brooks Michael A (USA)"]
[Result "0-1"]
[WhiteElo "2261"]
[BlackElo "2455"]

1.d4 Nf6 2.c4 g6 3.Nc3 Bg7 4.e4 d6 5.Nf3 O-O 6.Be2 Nbd7 7.O-O e5 8.Re1 c6
9.Bf1 exd4 10.Nxd4 Re8 11.Qc2 Ng4 12.Nf3 Nde5 13.Nxe5 Nxe5 14.Bf4 g5 15.Bg3 h5
16.h3 h4 17.Bh2 g4 18.Rad1 gxh3 19.c5 hxg2 20.Be2 h3 21.Rxd6 Qg5 22.b4 Bg4
23.f4 Qh4 24.Rc1 Bxe2 25.Qxe2 Ng4 26.Qf3 Bxc3 27.Bg3 Qh5 28.Qxc3 Rxe4 29.Rcd1
h2+ 30.Kxg2 Ne3+ {#R} 0-1

[Event "?"]
[Site "masterchessopen.com – Montecatini Terme (Italy)"]
[Round "0"]
[White "Sarno Spartaco (ITA)"]
[Black "Nicevski Risto (MKD)"]
[Result "1-0"]
[WhiteElo "2430"]
[BlackElo "2310"]

1.d4 Nf6 2.c4 d6 3.Nc3 Nbd7 4.e4 e5 5.Nf3 g6 6.Be2 Bg7 7.O-O O-O 8.Re1 c6
9.Bf1 exd4 10.Nxd4 Qb6 11.h3 Re8 12.Nb3 a5 13.Qxd6 a4 14.Be3 Qa6 15.Nd2 a3
16.b3 Ng4 17.hxg4 Bxc3 18.Rac1 Qa5 19.f4 Bxd2 20.Bxd2 Qc5+ 21.Qxc5 Nxc5 22.Bb4
Nxe4 23.Bd3 f5 24.gxf5 gxf5 25.Rcd1 Kf7 26.Re3 b6 27.Be2 Kg6 28.Bf3 c5 29.Bc3
Ra7 30.Bxe4 fxe4 31.Rd5 h5 32.Rd6+ Re6 33.Rg3+ Kf5 34.Rd8 Rc6 35.Rf8+ Ke6
36.Rf6+ {#r} 1-0

[Event "It (open)"]
[Site "masterchessopen.com – Cannes (France)"]
[Round "0"]
[White "Sellos Didier (FRA)"]
[Black "Akopian Vladimir (ARM)"]
[Result "0-1"]
[WhiteElo "2388"]
[BlackElo "2600"]

1.Nf3 Nf6 2.c4 g6 3.Nc3 Bg7 4.e4 d6 5.d4 O-O 6.Be2 Nbd7 7.O-O e5 8.Re1 c6
9.Bf1 exd4 10.Nxd4 Re8 11.Rb1 Ng4 12.Qxg4 Bxd4 13.Qg3 Nf6 14.Qd3 Be5 15.f4
Bxc3 16.bxc3 Nxe4 17.Ba3 Bf5 18.Rb2 Qa5 19.Bb4 Qb6+ 20.Qe3 c5 21.Ba3 Qc6
22.Rb3 Nf6 23.Qd2 Rxe1 24.Qxe1 Re8 25.Qh4 Ng4 26.h3 Ne3 27.g4 Nxf1 28.gxf5 Nd2
{#R} 0-1

[Event "It (open) \"]
[Site "masterchessopen.com – Berlin (Germany)"]
[Round "0"]
[White "Kiselev Sergey (RUS)"]
[Black "Heinig Wolfram Dr (GER)"]
[Result "1-0"]
[WhiteElo "2460"]
[BlackElo "2321"]

1.d4 Nf6 2.c4 d6 3.Nf3 g6 4.Nc3 Nbd7 5.e4 e5 6.Be2 Bg7 7.O-O O-O 8.Re1 c6
9.Bf1 exd4 10.Nxd4 Ng4 11.Qxg4 Bxd4 12.Qd1 Qf6 13.Be3 Bxe3 14.Rxe3 Ne5 15.Qd2
Be6 16.b3 Rad8 17.Be2 Kh8 18.Rg3 Bc8 19.Rd1 c5 20.Nd5 Qg7 21.h4 f5 22.exf5
Bxf5 23.h5 Rf7 24.Qg5 Nc6 25.Nf4 Re8 26.hxg6 hxg6 27.Bg4 Nd4 28.Bxf5 Rxf5
29.Nxg6+ Kg8 30.Ne7+ Rxe7 31.Qxe7 {#r} 1-0

[Event "It (open)"]
[Site "masterchessopen.com – Ljubljana (Slovenia)"]
[Round "4"]
[White "Jelen Iztok (SLO)"]
[Black "Sutovsky Emil (ISR)"]
[Result "1-0"]
[WhiteElo "2400"]
[BlackElo "2480"]

1.d4 Nf6 2.c4 g6 3.Nc3 Bg7 4.e4 d6 5.Nf3 O-O 6.Be2 Nbd7 7.O-O e5 8.Re1 c6
9.Bf1 exd4 10.Nxd4 Re8 11.Bf4 Ne5 12.Qd2 Nh5 13.Bh6 Bxh6 14.Qxh6 Qh4 15.Be2
Bg4 16.f3 Be6 17.g4 Bxg4 18.fxg4 Nxg4 19.Bxg4 Qxg4+ 20.Kh1 c5 21.Rg1 Qh3
22.Nf5 Kh8 23.Nxd6 Qf3+ 24.Rg2 Nf4 25.Nxf7+ Kg8 26.Qxh7+ Kf8 27.Rg1 Nh3
28.Qh6+ Kxf7 29.Qxg6+ Ke7 30.Nd5+ Kd7 31.Qh7+ Kd6 32.e5+ Kxe5 33.Qg7+ Ke4
34.Re1+ {#r} 1-0

[Event "Ch World (juniors) (under 18)"]
[Site "masterchessopen.com – Szeged (Hungary)"]
[Round "0"]
[White "Gyimesi Zoltan (HUN)"]
[Black "Sutovsky Emil (ISR)"]
[Result "0-1"]
[WhiteElo "2430"]
[BlackElo "2480"]

1.d4 Nf6 2.c4 g6 3.Nc3 Bg7 4.e4 d6 5.Nf3 O-O 6.Be2 Nbd7 7.O-O e5 8.Re1 c6
9.Bf1 exd4 10.Nxd4 Re8 11.Bf4 Ne5 12.Qd2 Nh5 13.Bg5 Qb6 14.Rad1 Bg4 15.Be2
Bxe2 16.Qxe2 Qb4 17.g4 Nf6 18.Bxf6 Bxf6 19.Ndb5 Nxc4 20.Nc7 Rec8 21.Nxa8 Nxb2
22.Nd5 cxd5 23.Rxd5 Rxa8 24.Rb5 Qc3 25.Rxb7 Nd3 26.Rd1 Nf4 27.Qe3 Qc2 28.Re1
Nd3 29.Reb1 Bh4 30.Rf1 Qc8 {#R} 0-1

[Event "Ch Israel"]
[Site "masterchessopen.com – Tel Aviv/Ramat-Gan (Israel)"]
[Round "10"]
[White "Gofshtein Zvulon (ISR)"]
[Black "Sutovsky Emil (ISR)"]
[Result "0-1"]
[WhiteElo "2495"]
[BlackElo "2480"]

1.d4 Nf6 2.c4 g6 3.Nc3 Bg7 4.e4 d6 5.Nf3 O-O 6.Be2 Nbd7 7.O-O e5 8.Re1 c6
9.Bf1 exd4 10.Nxd4 Re8 11.Bf4 Ne5 12.Qd2 Nh5 13.Bg5 Qb6 14.Rad1 Bg4 15.Be2
Bxe2 16.Qxe2 Qb4 17.f4 Nxc4 18.a3 Nxa3 19.e5 dxe5 20.Nf5 Nxf4 21.Bxf4 exf4
22.Qxe8+ Rxe8 23.Rxe8+ Bf8 24.bxa3 Qc5+ 25.Kf1 gxf5 26.Ne2 Kg7 27.Rd7 Qxa3
28.Rxb7 Qa1+ {#R} 0-1

[Event "It (1)"]
[Site "masterchessopen.com – Bonn (Germany)"]
[Round "8"]
[White "Grimm Sascha (GER)"]
[Black "Maiwald Jens-Uwe (GER)"]
[Result "0-1"]
[WhiteElo "2320"]
[BlackElo "2485"]

1.c4 g6 2.Nc3 Bg7 3.d4 Nf6 4.e4 O-O 5.Nf3 d6 6.Be2 Nbd7 7.O-O e5 8.Re1 c6
9.Bf1 exd4 10.Nxd4 Ng4 11.Qxg4 Bxd4 12.Be3 Nc5 13.Qd1 Bxe3 14.Rxe3 a5 15.Qd2
Be6 16.Rd1 Qb6 17.Qxd6 Rad8 18.Qe7 Rxd1 19.Nxd1 Rd8 20.Nc3 a4 21.h4 h5 22.b4
axb3 23.axb3 Rd7 24.Qe8+ Kg7 25.Qb8 Kh7 26.Qe5 Nxb3 27.Ne2 Rd1 28.Ng3 Qa5
29.Qf6 Nd4 30.Rd3 Rxd3 31.Bxd3 Qc3 {#R} 0-1